JetPunk-Users ... but with Google Translate - Statistics

General Stats
  • This quiz has been taken 15 times
  • The average score is 7 of 12
Answer Stats
8x Google Translate JetPunk User % Correct
The McKenzie family. McKenzieFam
80%
kilonova KiloNova
73%
Pontiac Enthusiast PontiacLover
73%
The case of the syrext Syrext
73%
Anxiety 79 . Trompete79
73%
Hubert Phoenix HubertThePhoenix
67%
Let's go99 Gademotsili99
60%
Timbi. Dimby
53%
It was a happy garden LuckyCat
53%
Salt field TigerPl
20%
Interview་. Quizmaster
13%
function toowise
13%
No matching quizzes found
Score Distribution
Percent of People with Each Score
Percentile by Number Answered
Your Score History
You have not taken this quiz